10 Maiores cidades da Venezuela - Statistics

Estatísticas Gerais
  • Esse quiz foi jogado 33 vezes
  • A pontuação média é 4 de 10
Estatísticas das Respostas
Hint Resposta % Correto
C Caracas
100%
M Maracaibo
55%
V Valencia
55%
B Barcelona
38%
M Maracay
28%
B Barquisimeto
24%
S C San Cristóbal
24%
C G Ciudad Guayana
21%
M Maturín
21%
P Petare
3%
Nenhum quiz correspondente encontrado
Distribuição das Pontuações
Porcentagem de Pessoas com Cada Pontuação
Percentil de Números Respondidos
Sua Pontuação Histórica
Você não jogou esse quiz